Statystyki dla Najbardziej zalesione terytoria zależne

Kliknij tutaj aby rozwiązać quiz!

Ogólne statystyki

  • Ten quiz został rozwiązany 5 razy
  • Średni wynik to 4 z 10

Statystyki odpowiedzi

PowierzchniaOdpowiedź% Poprawnych
81268Gujana Francuska
75%
485Martynika
75%
8390Nowa Kaledonia
75%
5025Portoryko
75%
725Gwadelupa
50%
880Reunion
50%
1550Polinezja Francuska
25%
250Guam
0%
291Mariany Północne
0%
344Turks i Caicos
0%

Rozkład punktacji

Percentyl według liczby udzielonych odpowiedzi

Procent ludzi z każdym wynikiem

Twoja historia wyników

Nie rozwiązałeś tego quizu